000 01597cam a22003255i 4500
001 160554
003 ES-MaACL
005 20250824074925.0
008 020206s1892 sp |||| | spa d
040 _aCAM
_bspa
_cCAM
_dCCPB|CAM
100 1 _aNavarro Gonzalvo, Eduardo,
_d1846-1902
_eaut
_985134
245 1 0 _a1891 o La vuelta del hijo pródigo :
_bboceto cómico-lírico de actualidad en un acto y cinco cuadros, en prosa y verso /
_coriginal de Eduardo Navarro Gonzalvo y Ángel de Laguardia ; música del maestro Luis Arnedo.
260 _aMadrid :
_b[Florencio Fiscovich :
_bArregui y Aruej],
_c1892
_f(R. Velasco imp.)
300 _a38 páginas ;
_c20 cm.
490 1 _aEl teatro, colección de obras dramaticas y líricas
490 1 _aBiblioteca lírico-dramática y teatro cómico
500 _aEn port.: Estrenado...en el Teatro Eslava el 16 de enero de 1892
500 _aSólo el texto
596 _aEd. tomado de cub.
655 0 _aTeatro
_9234794
700 1 _aGuardia, Ángel de la
_eaut
_960305
700 1 _aArnedo, Luis,
_d1856-1911
_emus
_9125713
740 3 1 _aLa vuelta del hijo pródigo.
830 3 _aEl teatro: colección de obras dramática y líricas
_9221753
830 0 _aBiblioteca lirico-dramática y teatro cómico
_9188056
852 _aES-MaACL
_cSVI
_gDedicatoria ms. de Ángel de la Guardia a Manuel de la Fuente y Mondéjar
_hLegado Manuel de la Fuente y Mondéjar
_jD-692(8)
_xEnc. en un vol. facticio
_xHolandesa, conservando cub. original
942 _2udc
_cMONANT
_n0
999 _c160554
_d160554